NHL 2020-2021 points leader - Statistics

General Stats
  • This quiz has been taken 58 times
  • The average score is 14 of 21
Answer Stats
points players % Correct
105 Connor McDavid
98%
84 Leon Draisaitl
98%
65 Nathan MacKinnon
93%
66 Auston Matthews
84%
67 Mitch Marner
84%
62 Sidney Crosby
84%
66 Mikko Rantanen
82%
57 Sebastian Aho
78%
58 Aleksander Barkov
71%
66 Patrick Kane
71%
69 Brad Marchand
67%
61 Jonathan Huberdeau
64%
58 Artemi Panarin
62%
61 Mark Stone
62%
52 Gabriel Landeskog
60%
63 Mark Scheifele
53%
53 Nicklas Backstrom
49%
54 Ryan O'Reilly
40%
56 Alex DeBrincat
29%
57 Jake Guentzel
27%
58 David Perron
24%
No matching quizzes found
Score Distribution
Percent of People with Each Score
Percentile by Number Answered
Your Score History
You have not taken this quiz